01343nam a2200253Ia 4500003000400000005001700004008004100021020001800062040002100080041000800101082002100109100003200130245013500162250002200297260008300319300006400402500006300466505023800529520016800767650002800935650005300963700003001016700004301046OSt20200930230100.0191128s2012 mx ao gr 000 0dspa d a9786070054969 aCO-JMCRcCO-JMCR0 aspa04a928 /bA321v2231 aAlarcón, Óscar, eautor10aVeintiuno : bcharlas con 20 escritores / cÓscar Alarcón ; edición, Mauricio Bares ; revisión, Daniel Espartaco Sánchez aPrimera edición aPuebla : bNitro/Press : Benemérita Universidad Autónoma de Puebla, c2012 a173 páginas : bfotografías a blanco y negro ; c22 cm. aIncluye datos biográficos del autor en solapa posterior.0 aAndrés Acosta -- Jaime Mesa -- Luigi Amara -- Guillermo Rubio -- Fernando del Paso -- Iván Farías -- Ricardo Cartas -- Paco ignacio Taibo II -- Eduardo Huchín Sosa -- Juan Villoro -- Rodrigo Duran -- Carlos Fuentes -- Alberto3 aÓscar Alarcón rescata del desuso un género editorial casi olvidado: el libro de entrevistas. Y en Veintiuno-Charlas con 20 escritores nos lo devuelve alegre.14aAutoresxentrevistas 14aLiteratura latinoamericanaxhistoria y crítica1 aBares, Mauricio, eeditor1 aEspartaco Sánchez, Daniel, erevisor